000 00287nam a2200133Ia 4500
100 _aTayal/ A.K
942 _cBK
654 _aMechanics
245 _aEngineering Mechanics:Statics and Dynamics
260 _bUmesh
_c2000
082 _a620.2
_bTAY
300 _a688
546 _aENGLISH
999 _c23814
_d23814